LIBRARY & INFORMATION CENTRE, KCAET, TAVANUR

ONLINE PUBLIC ACCESS CATALOGUE (OPAC)

Strength and elasticity of materials and theory of structures, Vol 2 / (Record no. 10064)

MARC details
000 -LEADER
fixed length control field 00388cam a2200145ua 4500
003 - CONTROL NUMBER IDENTIFIER
control field OSt
008 - FIXED-LENGTH DATA ELEMENTS--GENERAL INFORMATION
fixed length control field 250506b |||||||| |||| 00| 0 eng d
041 ## - LANGUAGE CODE
Language code of text/sound track or separate title eng
082 ## - DEWEY DECIMAL CLASSIFICATION NUMBER
Classification number 624.17
Item number BRO/ST
100 ## - MAIN ENTRY--AUTHOR NAME
Personal name Brooks, W H .
245 ## - TITLE STATEMENT
Title Strength and elasticity of materials and theory of structures, Vol 2 /
260 ## - PUBLICATION, DISTRIBUTION, ETC. (IMPRINT)
Place of publication London :
Name of publisher McDonald ,
Year of publication 1961.
300 ## - PHYSICAL DESCRIPTION
Number of Pages 341 ; .
942 ## - ADDED ENTRY ELEMENTS (KOHA)
Koha item type Books
Holdings
Withdrawn status Lost status Damaged status Home library Current library Date acquired Full call number Accession Number Koha item type
      KAUAET KAUAET 07/04/2012 624.17 BRO/ST 3869 Books
free website counter